Kabaddi: (Record no. 81731)
[ view plain ]
| 000 -LEADER | |
|---|---|
| fixed length control field | 00549nam a2200217Ia 4500 |
| 003 - CONTROL NUMBER IDENTIFIER | |
| control field | OSt |
| 005 - DATE AND TIME OF LATEST TRANSACTION | |
| control field | 20250304151200.0 |
| 008 - FIXED-LENGTH DATA ELEMENTS--GENERAL INFORMATION | |
| fixed length control field | 210210b1972 xxu||||| |||| 00| 0 eng d |
| 040 ## - CATALOGING SOURCE | |
| Transcribing agency | AL |
| 041 ## - LANGUAGE CODE | |
| Language code of text/sound track or separate title | hin |
| 082 ## - DEWEY DECIMAL CLASSIFICATION NUMBER | |
| Classification number | H891.4 RAVK |
| 100 ## - MAIN ENTRY--PERSONAL NAME | |
| Personal name | RAV (S V) |
| 9 (RLIN) | 203804 |
| 110 ## - MAIN ENTRY--CORPORATE NAME | |
| Subordinate unit | राव एस वी |
| 9 (RLIN) | 203805 |
| 245 ## - TITLE STATEMENT | |
| Title | Kabaddi: |
| Remainder of title | कबड्डी |
| 260 ## - PUBLICATION, DISTRIBUTION, ETC. | |
| Place of publication, distribution, etc. | Nayi Dilli |
| Name of publisher, distributor, etc. | Sterling Publishing Pra. Limited |
| Date of publication, distribution, etc. | 1972 |
| 300 ## - PHYSICAL DESCRIPTION | |
| Extent | 91 |
| 650 ## - SUBJECT ADDED ENTRY--TOPICAL TERM | |
| Topical term or geographic name entry element | Kabaddi |
| 9 (RLIN) | 203806 |
| 690 ## - LOCAL SUBJECT ADDED ENTRY--TOPICAL TERM (OCLC, RLIN) | |
| Topical term or geographic name as entry element | Hindi Prose |
| 9 (RLIN) | 203807 |
| 906 ## - LOCAL DATA ELEMENT F, LDF (RLIN) | |
| a | 030679 |
| 942 ## - ADDED ENTRY ELEMENTS (KOHA) | |
| Source of classification or shelving scheme | Dewey Decimal Classification |
| Koha item type | Book |
| Withdrawn status | Lost status | Source of classification or shelving scheme | Damaged status | Not for loan | Collection code | Home library | Current library | Date acquired | Cost, normal purchase price | Total Checkouts | Full call number | Barcode | Date last seen | Price effective from | Koha item type |
|---|---|---|---|---|---|---|---|---|---|---|---|---|---|---|---|
| Dewey Decimal Classification | Hindi | St Aloysius Library | St Aloysius Library | 02/17/2021 | 0.00 | H891.4 RAVK | 030679 | 02/17/2021 | 02/17/2021 | Book |